Fuzzy logic and applications : (Record no. 22313)

MARC details
000 -LEADER
fixed length control field 01271cam a2200373 i 4500
001 - CONTROL NUMBER
control field 17906581
003 - CONTROL NUMBER IDENTIFIER
control field EG-ScBUE
005 - DATE AND TIME OF LATEST TRANSACTION
control field 20240908112837.0
008 - FIXED-LENGTH DATA ELEMENTS--GENERAL INFORMATION
fixed length control field 131017t2013 gw a f b 000 0 eng d
020 ## - INTERNATIONAL STANDARD BOOK NUMBER
International Standard Book Number 9783319031996
020 ## - INTERNATIONAL STANDARD BOOK NUMBER
International Standard Book Number 3319031996
040 ## - CATALOGING SOURCE
Original cataloging agency DLC
Language of cataloging eng
Description conventions rda
Transcribing agency DLC
Modifying agency EG-ScBUE
082 04 - DEWEY DECIMAL CLASSIFICATION NUMBER
Edition number 22
Classification number 511.313
Item number FUZ
245 00 - TITLE STATEMENT
Title Fuzzy logic and applications :
Remainder of title 10th International Workshop, WILF 2013, Genoa, Italy, November 19-22, 2013. Proceedings /
Statement of responsibility, etc [edited by] Francesco Masulli, Gabriella Pasi, Ronald Yager.
250 ## - EDITION STATEMENT
Edition statement First edition.
264 #1 - PUBLICATION, DISTRIBUTION, ETC. (IMPRINT)
Place of publication, distribution, etc Cham :
Name of publisher, distributor, etc Springer,
Date of publication, distribution, etc [2013]
264 #4 - PUBLICATION, DISTRIBUTION, ETC. (IMPRINT)
Date of publication, distribution, etc c2013
300 ## - PHYSICAL DESCRIPTION
Extent xi, 247 pages :
Other physical details illustrations ;
Dimensions 24 cm.
336 ## - CONTENT TYPE
Source rdacontent
Content type term text
Content type code txt
337 ## - MEDIA TYPE
Media type term unmediated
Source rdamedia
Media type code n
338 ## - CARRIER TYPE
Carrier type term volume
Carrier type code nc
Source rdacarrier
490 0# - SERIES STATEMENT
Series statement Lecture notes in artificial intelligence ;
Volume number/sequential designation 8256
504 ## - BIBLIOGRAPHY, ETC. NOTE
Bibliography, etc Includes bibliographical references.
650 #7 - SUBJECT ADDED ENTRY--TOPICAL TERM
Topical term or geographic name as entry element Fuzzy logic.
Source of heading or term BUEsh
9 (RLIN) 41035
650 #7 - SUBJECT ADDED ENTRY--TOPICAL TERM
9 (RLIN) 41036
Topical term or geographic name as entry element Fuzzy systems.
Source of heading or term BUEsh
650 #7 - SUBJECT ADDED ENTRY--TOPICAL TERM
9 (RLIN) 19842
Topical term or geographic name as entry element Fuzzy sets.
Source of heading or term BUEsh
651 ## - SUBJECT ADDED ENTRY--GEOGRAPHIC NAME
Source of heading or term BUEsh
653 ## - INDEX TERM--UNCONTROLLED
Resource For college Informatics and Computer Science
Arrived date list September2016
655 ## - INDEX TERM--GENRE/FORM
Form subdivision Reading book
700 ## - ADDED ENTRY--PERSONAL NAME
Personal name Masulli, Francesco,
Relator term editor.
700 ## - ADDED ENTRY--PERSONAL NAME
Personal name Pasi, Gabriella,
Relator term editor.
700 ## - ADDED ENTRY--PERSONAL NAME
Personal name Yager, Ronald,
Relator term editor.
942 ## - ADDED ENTRY ELEMENTS (KOHA)
Source of classification or shelving scheme Dewey Decimal Classification
Koha item type Book - Borrowing
Holdings
Withdrawn status Lost status Source of classification or shelving scheme Damaged status Not for loan Collection code Home library Current library Shelving location Date acquired Source of acquisition Cost, normal purchase price Serial Enumeration / chronology Total Checkouts Full call number Barcode Date last seen Cost, replacement price Price effective from Koha item type
    Dewey Decimal Classification     Baccah Central Library Central Library First floor 06/09/2016 Purchase 460.00 2000088   511.313 FUZ 000033547 15/07/2025 575.00 06/09/2016 Book - Borrowing